ATP Best tennis players in every country 1973-2026 - Statistics

General Stats
  • This quiz has been taken 43 times
  • The average score is 27 of 53
Answer Stats
Country Tennis Player % Correct
Serbia Novak Djokovic
100%
Switzerland Roger Federer
100%
Sweden Bjorn Borg | Stefan Edberg | Mats Wilander
95%
USA Pete Sampras | Andre Agassi | John McEnroe |Jimmy Connors | Andy Roddick | Jim Courier
95%
Spain Rafael Nadal | Carlos Alcaraz |Juan Carlos Ferrero | Carlos Moya
95%
UK Andy Murray
92%
Italy Jannik Sinner
92%
Germany Boris Becker
90%
Russia Daniil Medvedev | Marat Safin | Yevgeny Kafelnikov
90%
Australia Lleyton Hewitt | John Newcombe | Patrick Rafter
90%
Greece Stefanos Tsitsipas
85%
Norway Casper Ruud
82%
Brazil Gustavo Kuerten
82%
Japan Kei Nishikori
82%
Bulgaria Grigor Dimitrov
79%
Denmark Holger Rune
74%
Czechia Ivan Lendl
74%
France Yannick Noah
74%
Romania Ilie Nastase
69%
Chile Marcelo Rios
67%
Cyprus Marcos Baghdatis
64%
Austria Thomas Muster
64%
Belgium David Goffin
62%
Croatia Goran Ivanisevic
62%
Argentina Guillermo Vilas
62%
Poland Hubert Hurkacz
62%
South Africa Kevin Anderson
62%
Canada Milos Raonic
62%
Monaco Valentin Vacherot
59%
Kazakhstan Alexander Bublik
56%
Bosnia and Herzegovina Damir Dzumhur
41%
Latvia Ernests Gulbis
41%
Luxembourg Gilles Muller
41%
Ecuador Andres Gomez
38%
South Korea Hyeon Chung
28%
Ukraine Andrei Medvedev
26%
Uruguay Pablo Cuevas
23%
Netherlands Tom Okker
21%
Finland Jarkko Nieminen
18%
Mexico Raul Ramirez
15%
Georgia Alex Metreveli
13%
Zimbabwe Byron Black
13%
Belarus Max Mirnyi
13%
Thailand Paradorn Srichaphan
13%
Morocco Younes El Aynaoui
10%
Peru Jaime Yzaga
8%
Slovakia Miloslav Mecir
8%
Paraguay Victor Pecci
8%
India Vijay Amritraj
8%
Israel Amos Mansdorf
5%
Haiti Ronald Agenor
5%
New Zealand Onny Parun
3%
Hungary Balazs Taroczy
0%
No matching quizzes found
Score Distribution
Percent of People with Each Score
Percentile by Number Answered
Your Score History
You have not taken this quiz